Kluby piłkarskie Haiti - nagła śmierć - Statystyki

Ogólne statystyki
  • Ten quiz został rozwiązany 13 razy
  • Średni wynik to 3 z 16
Answers on the Grid
Answers color-coded by a green-red scale on the quiz's grid according to % correct below.
Moca FC
FC Juventus des Cayes
AS Otoho d'Oyo
Real Hope FA
Cavalry FC
Violette AC
Arcahaie FC
Weymouth Wales FC
Don Bosco FC
RC Haïtien
SV Robinhood
Tempête FC
Cavaly AS
Club América
Baltimore Sportif Club
Ouanaminthe FC
FC Borgo
AS Capoise
AS Mirebalais
FICA
Flambeau du Centre
América des Cayes
Triomphe Liancourt FC
Cuiabá EC
Racing Gonaïves
Étoile Carouge FC
 
Statystyki odpowiedzi
Odpowiedź % Poprawnych
América des Cayes
38%
Don Bosco FC
38%
FC Juventus des Cayes
38%
Real Hope FA
38%
Ouanaminthe FC
25%
RC Haïtien
25%
Arcahaie FC
13%
AS Mirebalais
13%
Cavaly AS
13%
FICA
13%
Racing Gonaïves
13%
Tempête FC
13%
Triomphe Liancourt FC
13%
Violette AC
13%
AS Capoise
0%
Baltimore Sportif Club
0%
Nie znaleziono quizów pasujących do podanych kryteriów
Rozkład punktacji
Procent ludzi z każdym wynikiem
Percentyl według liczby udzielonych odpowiedzi
Twoja historia wyników
Nie rozwiązałeś tego quizu